Statistics for 两晋十六国政权(提示版)

Click here to take the quiz!

General Stats

  • This quiz has been taken 11 times
    (9 since last reset)
  • The average score is 15 of 29

Answer Stats

HintAnswer% Correct
266-317西晋
100%
317-404,404-420东晋
88%
386-403后凉
75%
384-417后秦
75%
351-394前秦
75%
319-351后赵
75%
318-376前凉
75%
384-394西燕
75%
304-329汉赵/前赵
75%
407-436北燕
63%
400-410南燕
63%
350-352冉魏
63%
307-370前燕
63%
400-421西凉
63%
304-347成汉
63%
385-400,409-431西秦
63%
397-460北凉
63%
384-407后燕
50%
397-414南凉
38%
315-376
38%
407-431大夏/胡夏
38%
388-392翟魏
38%
313-663吐谷浑
25%
386-442后仇池
13%
296-371前仇池
13%
403-405桓楚
13%
405-413谯蜀
13%
307-566宕昌
0%
?-554邓至/白水羌
0%

Score Distribution

Percentile by Number Answered

Percent of People with Each Score

Your Score History

You have not taken this quiz since the last reset